Russian Words You Probably Know Quiz Stats

 Plays Quiz Updated Jul 30, 2018

Score 0/20 Timer 05:00
3 Plays Today
% Correct
Vodka
93.2%
Czar
92.4%
Mammoth
91.9%
Sputnik
91.4%
Beluga
88.4%
Bolshevik
85.7%
Gulag
83.8%
Blini
73.2%
Troika
64.5%
Taiga
63.1%
% Correct
Pogrom
62.8%
Dacha
62.7%
Perestroika
62.6%
Balalaika
62.5%
Glasnost
61.5%
Pavlova
60.9%
Samovar
58.6%
Kvass
47%
Oblast
45.3%
Samizdat
42.2%

You're not logged in!

Compare scores with friends on all Sporcle quizzes.
OR
Log In

Sporcle TV

Today on Sporcle TV


Watch our educational content, quiz creation guides, and fun videos on Sporcle TV.

Show Comments

Extras

Top Quizzes Today


Score Distribution

Your Account Isn't Verified!

In order to create a playlist on Sporcle, you need to verify the email address you used during registration. Go to your Sporcle Settings to finish the process.

Report this User

Report this user for behavior that violates our Community Guidelines.

Details: